000 00418nam a2200169Ia 4500
008 221030s9999 xx 000 0 und d
020 _a0070590362
041 _aEnglish
082 _a105.23
_bBei
100 _aA. Beiser
245 0 _aSchaum`s Outline of Theory & Problems of Applied Physics
_cby A. Beiser
250 _a4th
260 _bTMH
_aNew Delhi
_c2004
300 _a465
650 _aPhysics
942 _cBK
999 _c1802
_d1802